000 00886cam a22002532 4500
001 0000000247
003 OSt
005 20160929095307.0
008 070117s xx 000 0 eng d
020 _a8176567527 :
_cKES 4,550
040 _aKABU
_cKABU
050 0 _aQA76
_b.S56 2011
100 1 _aSinha, Pradeep K.
245 1 0 _aComputer fundamentals :
_bconcepts, systems and applications /
_cPradeep K. Sinha, Priti Sinha.
250 _a6th rev. & updated ed.
260 _aNew Delhi :
_bBPB Publ.,
_c2011.
300 _axxiii, 490 p.
_eAccompanied by CD-ROM
650 0 _aComputer science.
700 1 _aSinha, Priti.
908 _a070117
942 _2lcc
_cBK
_e6th rev. & updated ed.
_hQA76
_i.S56 2011 c. 1
999 _c16113
_d16113